| 000 | 00537nam a22001817a 4500 | ||
|---|---|---|---|
| 005 | 20231114072509.0 | ||
| 008 | 231114b |||||||| |||| 00| 0 eng d | ||
| 020 | _a0409056219 ; 0409056227 | ||
| 041 | _aEnglish | ||
| 082 | _a345 SNY | ||
| 100 |
_aSnyman, CR _lEnglish |
||
| 245 |
_aCriminal Law / _cCR Snyman |
||
| 250 | _aSecond Edition | ||
| 260 |
_aDurban : _bButterworth Publishers (Pty) Ltd, _c1989 |
||
| 300 |
_bxv, 595 pages ; _c25 cm. |
||
| 650 |
_aLegal practice _bLaw |
||
| 942 |
_cBK _6ALISON_BN_VRIES |
||
| 999 |
_c602 _d602 |
||